000 00518nam a2200193Ia 4500
008 180921t2001 xxu||||| |||| 00| 0 sin d
041 _asin
080 _a59
_bMAN
100 _aMantheipel, P.
245 _aසතුන් ගැන කතන්දර
246 _aSathun geana kathandara
260 _bSuriya
_aColmbo
_c2001
300 _a171p., ill., 23 cm
650 _aZoology
_aAnimals
700 _aAlwis, Pramachandra
_eed.
942 _cBK
999 _c12750
_d12750
003 LK-CoDNM
040 _aLK-CoDNM
_dLK-CoDNM
_eLK-CoDNM